000 00626nam a2200181Ia 4500
008 100921s9999 xx 000 0 und d
082 _b12706
_a891.462 थ 77
100 _aखानोलकर चि.त्र्यं.
245 _aएक शुन्य बाजीराव.
260 _bमौज प्रकाशन,मुंबई.
_c1977
300 _a108
_b---
365 _b8
520 _aललित-नाटके.
630 _aएक शुन्य बाजीराव.
650 _aललित-नाटके.
730 _aएक शुन्य बाजीराव.
942 _cBOOK
999 _c761819
_d761816